000 00721nam a2200193Ia 4500
003 GCL
008 140319s9999 xx 000 0 ara d
040 _aGCL /
_cGCL
082 0 4 _a323.11
_bا ص
100 1 _aاحمد وهبان
245 1 0 _aالصراعات العرقية واستقرار العالم المعاصر :
_bدراسة فى الاقليات والجماعات والحركات العرقية /
_cاحمد وهبان
260 _aالقاهرة :
_bالدار الجامعية ،
_c2004
300 _a563 ص ؛
_c24 سم
650 0 4 _aالاقليات
650 0 4 _aالاكراد
650 0 4 _aالاقليات العرقية
650 0 4 _aالاقليات - حقوق مدنية
942 _2ddc
_cBK
999 _c6047
_d6047